Bulgarian history figures (easy) - Statistics

General Stats
  • This quiz has been taken 112 times
  • The average score is 7 of 15
Answer Stats
Picture Answer % Correct
Vasil Levski
96%
Hristo Botev
95%
Georgi Rakovski
76%
Ivan Vazov
72%
Georgi Benkovski
66%
Stefan Stambolov
60%
Todor Jivkov
49%
Luben Karavelov
40%
Goce Delchev
34%
Tsar Boris 3
33%
Panaiot Volov
29%
Stefan Karadja
25%
Hadji Dimitar
23%
Panaiot Hitov
12%
Raina Popgeorgieva Knqginq
2%
No matching quizzes found
Score Distribution
Percent of People with Each Score
Percentile by Number Answered
Your Score History
You have not taken this quiz